| 000 | 00708nam a2200241 i 4500 | ||
|---|---|---|---|
| 001 | 9166 | ||
| 003 | ES-MaACL | ||
| 005 | 20230906145623.0 | ||
| 007 | t| | ||
| 008 | 930521s1985 fr ||||1| fre d | ||
| 020 | _a2-7116-0892-1 | ||
| 080 | _a122 | ||
| 100 | 1 |
_aLargeault, Jean. _970247 |
|
| 245 | 1 | 0 |
_aSystèmes de la nature / _cpar Jean Largeault ; préface de René Thom. |
| 260 |
_aParís : _bLibrairie Philosophique J. Vrin, _c1985. |
||
| 300 |
_aV, 245 p. ; _c24 cm. |
||
| 490 | 1 | _aProblèmes et controverses | |
| 650 | 1 | 4 |
_aCausalidad. _910856 |
| 700 | 1 |
_aThom, René. _9109984 |
|
| 830 | 0 |
_aProblèmes et controverses _9177513 |
|
| 852 |
_aES-MaACL _jL-16300 _bR.115712 |
||
| 999 |
_c9166 _d9166 |
||